<?xml version="1.0" encoding="UTF-8"?>
<record
    xmlns:xsi="http://www.w3.org/2001/XMLSchema-instance"
    xsi:schemaLocation="http://www.loc.gov/MARC21/slim http://www.loc.gov/standards/marcxml/schema/MARC21slim.xsd"
    xmlns="http://www.loc.gov/MARC21/slim">

  <leader>01678nam a22003137a 4500</leader>
  <controlfield tag="001">1542</controlfield>
  <controlfield tag="003">FISKH</controlfield>
  <controlfield tag="005">20250404075633.0</controlfield>
  <controlfield tag="008">230906b        cb ||||| |||| 00| 0 khr d</controlfield>
  <datafield tag="022" ind1=" " ind2=" ">
    <subfield code="2">9789924340935</subfield>
  </datafield>
  <datafield tag="040" ind1=" " ind2=" ">
    <subfield code="a">FISKH </subfield>
    <subfield code="b">eng </subfield>
    <subfield code="c">FISKH </subfield>
    <subfield code="d">FISKH </subfield>
  </datafield>
  <datafield tag="082" ind1=" " ind2=" ">
    <subfield code="a">611 </subfield>
  </datafield>
  <datafield tag="100" ind1=" " ind2=" ">
    <subfield code="a">Vandewiele, Agnes </subfield>
  </datafield>
  <datafield tag="245" ind1=" " ind2=" ">
    <subfield code="a">&#x1781;&#x17D2;&#x179B;&#x17BD;&#x1793;&#x1798;&#x1793;&#x17BB;&#x179F;&#x17D2;&#x179F; / </subfield>
    <subfield code="c">&#x1793;&#x17B7;&#x1796;&#x1793;&#x17D2;&#x1792;&#x178A;&#x17C4;&#x1799; Agnes Vandewiele - &#x1782;&#x17BC;&#x179A;&#x179A;&#x17BC;&#x1794;&#x178A;&#x17C4;&#x1799; Maud Riemann - &#x1794;&#x1780;&#x1794;&#x17D2;&#x179A;&#x17C2;&#x1796;&#x17B8;&#x1797;&#x17B6;&#x179F;&#x17B6;&#x1794;&#x17B6;&#x179A;&#x17B6;&#x17C6;&#x1784;&#x178A;&#x17C4;&#x1799; &#x17A2;&#x17CA;&#x17BB;&#x17C6; &#x179C;&#x17D0;&#x178E;&#x1790;&#x17B6;&#x179A;&#x17B8; </subfield>
  </datafield>
  <datafield tag="250" ind1=" " ind2=" ">
    <subfield code="a">&#x1794;&#x17C4;&#x17C7;&#x1796;&#x17BB;&#x1798;&#x17D2;&#x1796;&#x179B;&#x17BE;&#x1780;&#x1791;&#x17B8; &#x17E2; &#x1780;&#x1789;&#x17D2;&#x1789;&#x17B6; &#x17E2;&#x17E0;&#x17E2;&#x17E1; </subfield>
  </datafield>
  <datafield tag="260" ind1=" " ind2=" ">
    <subfield code="a">Coubertin : </subfield>
    <subfield code="b">Sipar, </subfield>
    <subfield code="c">2019.</subfield>
  </datafield>
  <datafield tag="300" ind1=" " ind2=" ">
    <subfield code="a">29 pages : </subfield>
    <subfield code="b">color illustrations ; </subfield>
    <subfield code="c">25 cm </subfield>
  </datafield>
  <datafield tag="490" ind1=" " ind2=" ">
    <subfield code="a">&#x179F;&#x17D2;&#x179C;&#x17C2;&#x1784;&#x1799;&#x179B;&#x17CB;&#x1796;&#x17B8; </subfield>
  </datafield>
  <datafield tag="505" ind1=" " ind2=" ">
    <subfield code="a">P 
</subfield>
  </datafield>
  <datafield tag="520" ind1=" " ind2=" ">
    <subfield code="a">&#x1786;&#x17D2;&#x179B;&#x17BE;&#x1799;&#x178F;&#x1794;&#x1785;&#x17C6;&#x1796;&#x17C4;&#x17C7;&#x179F;&#x17C6;&#x178E;&#x17BD;&#x179A;&#x179A;&#x1794;&#x179F;&#x17CB;&#x1780;&#x17BB;&#x1798;&#x17B6;&#x179A;&#x17A2;&#x17C6;&#x1796;&#x17B8;&#x179A;&#x17B6;&#x1784;&#x1780;&#x17B6;&#x1799;&#x179A;&#x1794;&#x179F;&#x17CB;&#x1796;&#x17BD;&#x1780;&#x1782;&#x17C1;! &#x1780;&#x17D2;&#x1798;&#x17C1;&#x1784;&#x17D7;&#x1793;&#x17B9;&#x1784;&#x179A;&#x1780;&#x1783;&#x17BE;&#x1789;&#x17A2;&#x17B6;&#x1790;&#x17CC;&#x1780;&#x17C6;&#x1794;&#x17B6;&#x17C6;&#x1784;&#x1793;&#x17C3;&#x179A;&#x17B6;&#x1784;&#x1780;&#x17B6;&#x1799;&#x1798;&#x1793;&#x17BB;&#x179F;&#x17D2;&#x179F; &#x179C;&#x17B7;&#x1792;&#x17B8;&#x1790;&#x17C2;&#x179A;&#x1780;&#x17D2;&#x179F;&#x17B6; &#x1793;&#x17B7;&#x1784;&#x179B;&#x17BC;&#x178F;&#x179B;&#x17B6;&#x179F;&#x17CB;&#x1794;&#x17B6;&#x1793;&#x179B;&#x17D2;&#x17A2;!</subfield>
  </datafield>
  <datafield tag="520" ind1=" " ind2=" ">
    <subfield code="a">Answers to children&#x2019;s questions about their bodies. Children will discover the secrets of the human body, the ways to take care of it, and to grow well. </subfield>
  </datafield>
  <datafield tag="521" ind1="8" ind2=" ">
    <subfield code="a">610 
</subfield>
    <subfield code="b">Lexile estimate 
</subfield>
  </datafield>
  <datafield tag="521" ind1="8" ind2=" ">
    <subfield code="a">P 
</subfield>
    <subfield code="b">Raz-Plus 
</subfield>
  </datafield>
  <datafield tag="650" ind1=" " ind2=" ">
    <subfield code="a">&#x179A;&#x17B6;&#x1784;&#x1780;&#x17B6;&#x1799; </subfield>
    <subfield code="v">&#x1780;&#x17B6;&#x179A;&#x179B;&#x17BC;&#x178F;&#x179B;&#x17B6;&#x179F;&#x17CB; </subfield>
    <subfield code="x">&#x1780;&#x17B6;&#x179A;&#x1780;&#x17B6;&#x179A;&#x1796;&#x17B6;&#x179A;&#x200B; </subfield>
  </datafield>
  <datafield tag="650" ind1=" " ind2=" ">
    <subfield code="a">Body part  </subfield>
    <subfield code="v">Growing</subfield>
    <subfield code="x">Protection </subfield>
  </datafield>
  <datafield tag="700" ind1=" " ind2=" ">
    <subfield code="a">Vanthary, Oum </subfield>
    <subfield code="e">translator </subfield>
  </datafield>
  <datafield tag="700" ind1=" " ind2=" ">
    <subfield code="a">Riemann, Maud </subfield>
    <subfield code="e">illustrator </subfield>
  </datafield>
  <datafield tag="942" ind1=" " ind2=" ">
    <subfield code="2">ddc</subfield>
    <subfield code="c">BK</subfield>
    <subfield code="n">0</subfield>
  </datafield>
  <datafield tag="999" ind1=" " ind2=" ">
    <subfield code="c">1542</subfield>
    <subfield code="d">1542</subfield>
  </datafield>
  <datafield tag="952" ind1=" " ind2=" ">
    <subfield code="0">0</subfield>
    <subfield code="1">0</subfield>
    <subfield code="2">ddc</subfield>
    <subfield code="4">0</subfield>
    <subfield code="7">0</subfield>
    <subfield code="8">KH</subfield>
    <subfield code="a">001</subfield>
    <subfield code="b">001</subfield>
    <subfield code="c">KHRS</subfield>
    <subfield code="d">2023-09-06</subfield>
    <subfield code="l">0</subfield>
    <subfield code="o">VAN 611</subfield>
    <subfield code="p">2023-0490</subfield>
    <subfield code="r">2023-09-06 09:33:27</subfield>
    <subfield code="t">1</subfield>
    <subfield code="w">2023-09-06</subfield>
    <subfield code="y">BK</subfield>
  </datafield>
  <datafield tag="952" ind1=" " ind2=" ">
    <subfield code="0">1</subfield>
    <subfield code="1">0</subfield>
    <subfield code="2">ddc</subfield>
    <subfield code="4">0</subfield>
    <subfield code="7">0</subfield>
    <subfield code="8">KH</subfield>
    <subfield code="a">001</subfield>
    <subfield code="b">001</subfield>
    <subfield code="c">KHRS</subfield>
    <subfield code="d">2023-09-06</subfield>
    <subfield code="l">1</subfield>
    <subfield code="o">VAN 611</subfield>
    <subfield code="p">2023-0491</subfield>
    <subfield code="r">2024-10-11 08:16:51</subfield>
    <subfield code="s">2024-08-23</subfield>
    <subfield code="t">2</subfield>
    <subfield code="w">2023-09-06</subfield>
    <subfield code="y">BK</subfield>
  </datafield>
</record>
